Estudios críticos de jurisprudencia tributaria / (Registro nro. 3926)
[ vista simple ]
| 000 -LEADER | |
|---|---|
| fixed length control field | 01323nam a2200277Ia 4500 |
| 003 - CONTROL NUMBER IDENTIFIER | |
| control field | OSt |
| 005 - DATE AND TIME OF LATEST TRANSACTION | |
| control field | 20200811162103.0 |
| 008 - FIXED-LENGTH DATA ELEMENTS--GENERAL INFORMATION | |
| fixed length control field | 191128s2011 ck fr 000 0 s d |
| 020 ## - INTERNATIONAL STANDARD BOOK NUMBER | |
| International Standard Book Number | 9789589863756 |
| 040 ## - CATALOGING SOURCE | |
| Original cataloging agency | CO-JMCR |
| Transcribing agency | CO-JMCR |
| 041 0# - LANGUAGE CODE | |
| Language code of text/sound track or separate title | spa |
| 082 04 - DEWEY DECIMAL CLASSIFICATION NUMBER | |
| Classification number | 343.86104 / |
| Item number | A141e |
| Edition number | 23 |
| 100 1# - MAIN ENTRY--PERSONAL NAME | |
| Personal name | Abella Mancera, María del Pilar, |
| Relator term | autora |
| 9 (RLIN) | 8610 |
| 245 10 - TITLE STATEMENT | |
| Title | Estudios críticos de jurisprudencia tributaria / |
| Statement of responsibility, etc. | María del Pilar Abella Mancera, Julio Fernando Álvarez Rodríguez, Ana María Barbosa Rodríguez, [y otros 14] |
| 260 ## - PUBLICATION, DISTRIBUTION, ETC. | |
| Place of publication, distribution, etc. | Bogotá : |
| Name of publisher, distributor, etc. | Instituto Colombiano de Derecho Tributario, |
| Date of publication, distribution, etc. | 2011 |
| 300 ## - PHYSICAL DESCRIPTION | |
| Extent | 467 páginas ; |
| Dimensions | 24 cm. |
| 504 ## - BIBLIOGRAPHY, ETC. NOTE | |
| Bibliography, etc. note | Bibliografía al final de cada capítulo. |
| 505 0# - FORMATTED CONTENTS NOTE | |
| Formatted contents note | El principio de reserva de ley tributaria y la autonomía de las entidades territoriales -- La temporalidad de las mormas tributarias -- El criterio comercial en la aceptación o rechazo de las expensas necesarias --Deducciones financieras y especiales |
| 650 14 - SUBJECT ADDED ENTRY--TOPICAL TERM | |
| Topical term or geographic name entry element | Derecho fiscal |
| Geographic subdivision | Colombia |
| 9 (RLIN) | 8409 |
| 650 14 - SUBJECT ADDED ENTRY--TOPICAL TERM | |
| Topical term or geographic name entry element | Impuestos |
| Form subdivision | jurisprudencia |
| Geographic subdivision | Colombia |
| 9 (RLIN) | 8611 |
| 650 14 - SUBJECT ADDED ENTRY--TOPICAL TERM | |
| Topical term or geographic name entry element | Impuestos |
| General subdivision | legislación |
| Geographic subdivision | Colombia |
| 9 (RLIN) | 8612 |
| 650 14 - SUBJECT ADDED ENTRY--TOPICAL TERM | |
| Topical term or geographic name entry element | Impuestos |
| Geographic subdivision | Colombia |
| 9 (RLIN) | 8408 |
| 700 1# - ADDED ENTRY--PERSONAL NAME | |
| Personal name | Álvarez Rodríguez, Julio Fernando, |
| Relator term | autor |
| 9 (RLIN) | 8613 |
| 700 1# - ADDED ENTRY--PERSONAL NAME | |
| Personal name | Barbosa Rodríguez, Ana María, |
| Relator term | autor |
| 9 (RLIN) | 8614 |
| 942 ## - ADDED ENTRY ELEMENTS (KOHA) | |
| Source of classification or shelving scheme | Dewey Decimal Classification |
| Koha item type | Books |
| Withdrawn status | Lost status | Source of classification or shelving scheme | Damaged status | Not for loan | Collection code | Home library | Current library | Date acquired | Source of acquisition | Full call number | Barcode | Date last seen | Copy number | Koha item type |
|---|---|---|---|---|---|---|---|---|---|---|---|---|---|---|
| Dewey Decimal Classification | Non-fiction | Biblioteca Pública José María del Castillo y Rada | Biblioteca Pública José María del Castillo y Rada | 12/15/2017 | Donación | 343.86104 / A141e | 201808675 | 05/16/2024 | Ej.1 | Books |